| 000 | 00563cam a22002171 4500 | ||
|---|---|---|---|
| 001 | he 66001653 | ||
| 003 | DLC | ||
| 005 | 20260227111441.0 | ||
| 008 | 840119s1965 is 000 0 heb | ||
| 010 | _ahe 66001653 | ||
| 035 | _a(OCoLC)19153127 | ||
| 040 |
_aDLC _cMH _dDLC |
||
| 042 | _apremarc | ||
| 050 | 0 | 0 |
_aCT1919.P3 _bE7 |
| 100 | 1 |
_aErlich, Divshah Levit, _d1886- |
|
| 245 | 1 | 0 | _aDevash mi-selaŹ». |
| 260 |
_a[Tel Aviv] : _b[s.n.], _c[1965] |
||
| 300 |
_a126 p. : _bill., ports. ; _c22 cm. |
||
| 650 | 0 |
_aJews _vBiography. |
|
| 752 |
_aIsrael _dTel Aviv |
||
| 999 |
_c31957 _d31957 |
||